Antarctica, South Shetland Islands, Deception Island to King George Island.

Bibliographic Details
Corporate Author: United States. National Imagery and Mapping Agency
Format: Government Document Map
Language:English
Published: [Bethesda, Md.] : The Agency ; [1997]
Edition:6th ed., May 31, 1997 (Correct through NM 22/97).
Subjects:

MARC

Tag First Indicator Second Indicator Subfields
LEADER 00000cem a2200000 a 4500
001 in00001402775
005 20151020052151.0
007 aj canzn
008 970825s1997 mdudgekbd a f 0 eng d
010 |a gp 97067492  
034 1 |a a  |b 200000  |d W0625000  |e W0573000  |f S0613500  |g S0631000 
035 |a (OCoLC)37523761 
035 |9 AHM2889AM 
037 |a NSN 7642-01-401-2240  |b DOD 
037 |a 29 ACO 29101  |b NIMA 
040 |a GPO  |c GPO  |d DLC  |d MvI  |d UtOrBLW 
052 |a 9802  |b B74  |b C6 
074 |a 0378-E-22 
086 0 |a D 5.356:29101/997 
110 1 |a United States.  |b National Imagery and Mapping Agency. 
245 1 0 |a Antarctica, South Shetland Islands, Deception Island to King George Island. 
246 3 0 |a Deception Island to King George Island 
250 |a 6th ed., May 31, 1997 (Correct through NM 22/97). 
255 |a Scale 1:,200,000 at lat. 65⁰ ;  |b Mercator proj.  |c (W 62⁰50ʹ00ʺ--W 57⁰30ʹ00ʺ/S 61⁰35ʹ00ʺ--S 63⁰10ʹ00ʺ). 
264 1 |a [Bethesda, Md.] :  |b The Agency ;  |c [1997] 
264 2 |a [Riverdale, Md.] :  |b [NOAA Distribution Division, N/ACC3, National Ocean Service, distributor], 
300 |a 1 map :  |b color ;  |c 81 x 126 cm. 
336 |a cartographic image  |b cri  |2 rdacontent 
337 |a unmediated  |b n  |2 rdamedia 
338 |a sheet  |b nb  |2 rdacarrier 
500 |a Depths shown by isolines and soundings. 
500 |a Relief shown by hachures and spot heights. 
500 |a "From British and Argentine charts to 1991." 
500 |a "Copyright 1997 by the United States Government. No copyright claimed under Title 17 U.S.C." 
500 |a "Soundings in meters." 
500 |a Includes source diagram. 
500 |a Cartographic material. 
650 0 |a Harbors  |z Antarctica  |z South Shetland Islands (Antarctica)  |x Maps. 
651 0 |a South Shetland Islands (Antarctica)  |x Maps. 
651 0 |a Bransfield Strait  |x Navigation. 
651 0 |a Antarctic Ocean  |x Navigation. 
999 |a MARS 
999 f f |s 80822f2c-72ac-3267-ade0-4ff75d58b758  |i 904f0842-c943-34d7-95dc-d3e1c1b92666  |t 0 
952 f f |p normal  |a Texas A&M University  |b College Station  |c Sterling C. Evans Library  |d Evans: Maps (2nd floor)  |t 0  |e D 5.356:29101/997  |h Superintendent of Documents classification  |i unmediated -- sheet  |m A14823017900 
998 f f |a D 5.356:29101/997  |t 0  |l Evans: Maps (2nd floor)